<?xml version="1.0" encoding="UTF-8"?>
<collection xmlns="http://www.loc.gov/MARC21/slim">
 <record>
  <leader>02151nam a22002777a 4500</leader>
  <controlfield tag="001">36129</controlfield>
  <controlfield tag="003">BD-DhAAL</controlfield>
  <controlfield tag="005">20211130141540.0</controlfield>
  <controlfield tag="008">191013t2004    enka|||| |||| 001 0 eng d</controlfield>
  <datafield tag="999" ind1=" " ind2=" ">
   <subfield code="c">41521</subfield>
   <subfield code="d">41521</subfield>
  </datafield>
  <datafield tag="020" ind1=" " ind2=" ">
   <subfield code="a">0521613914</subfield>
  </datafield>
  <datafield tag="020" ind1=" " ind2=" ">
   <subfield code="a">9780521613910</subfield>
  </datafield>
  <datafield tag="040" ind1=" " ind2=" ">
   <subfield code="a">BD-DhAAL</subfield>
  </datafield>
  <datafield tag="082" ind1=" " ind2=" ">
   <subfield code="2">22</subfield>
   <subfield code="a">576.5</subfield>
  </datafield>
  <datafield tag="100" ind1=" " ind2=" ">
   <subfield code="a">Ringo, John</subfield>
   <subfield code="9">35870</subfield>
  </datafield>
  <datafield tag="245" ind1=" " ind2=" ">
   <subfield code="a">Fundamental genetics /</subfield>
   <subfield code="c">John Ringo</subfield>
  </datafield>
  <datafield tag="260" ind1=" " ind2=" ">
   <subfield code="a">Cambridge :</subfield>
   <subfield code="b">Cambridge University Press,</subfield>
   <subfield code="c">2004</subfield>
  </datafield>
  <datafield tag="300" ind1=" " ind2=" ">
   <subfield code="a">ix, 462 pages :</subfield>
   <subfield code="b">illustrations</subfield>
   <subfield code="c">24 cm.</subfield>
  </datafield>
  <datafield tag="504" ind1=" " ind2=" ">
   <subfield code="a">Includes bibliographical references and index.</subfield>
  </datafield>
  <datafield tag="505" ind1=" " ind2=" ">
   <subfield code="a">Life Forms and Their Origins --
Nucleic Acids --
Proteins --
Simple Chromosomes --
Chromosomes of Eukarya --
Genome Content --
RNA Synthesis 1: Transcription --
RNA Synthesis 2: Processing --
Abundance of RNAs in Bacteria --
Abundance of RNAs in Eukarya --
Protein Synthesis --
DNA Replication --
Chromosome Replication --
Molecular Events of Recombination --
Micromutations --
Repair of Altered DNA --
Reproduction of Bacteria --
Horizontal Gene Transfer in Bacteria --
Cell Cycles of Eukarya --
Meiosis --
Chromosomal Abnormalities --
Life Cycles of Eukarya --
Reproduction of Viruses --
Genetic Processes in Development --
Sex Determination and Dosage Compensation --
Cancer --
Cutting, Sorting, and Copying DNA --
Genotyping by DNA Analysis --
Genetically Engineered Organisms --
Genomics --
Behavior of Genes and Alleles --
Probability and Statistics Toolkit --
Genes, Environment, and Interactions --
Locating Genes --
Finding and Detecting Mutations --
Cytoplasmic Inheritance --
Genetic Variation in Populations --
Mutation, Migration, and Genetic Drift --
Natural Selection --
Quantitative Genetics --
Speciation --
Molecular Evolution and Phylogeny.</subfield>
  </datafield>
  <datafield tag="526" ind1=" " ind2=" ">
   <subfield code="a">BIED</subfield>
  </datafield>
  <datafield tag="541" ind1=" " ind2=" ">
   <subfield code="a">Complimentary copy from BIED</subfield>
   <subfield code="e">36129</subfield>
  </datafield>
  <datafield tag="650" ind1=" " ind2=" ">
   <subfield code="a">Genetics.</subfield>
   <subfield code="9">35871</subfield>
  </datafield>
  <datafield tag="852" ind1=" " ind2=" ">
   <subfield code="a">Ayesha Abed Library</subfield>
   <subfield code="c">BIED Collection</subfield>
  </datafield>
  <datafield tag="942" ind1=" " ind2=" ">
   <subfield code="2">ddc</subfield>
   <subfield code="c">BK</subfield>
  </datafield>
  <datafield tag="952" ind1=" " ind2=" ">
   <subfield code="0">0</subfield>
   <subfield code="1">0</subfield>
   <subfield code="2">ddc</subfield>
   <subfield code="4">0</subfield>
   <subfield code="6">576_500000000000000_RIN</subfield>
   <subfield code="7">0</subfield>
   <subfield code="9">66681</subfield>
   <subfield code="a">BRACUL</subfield>
   <subfield code="b">BRACUL</subfield>
   <subfield code="c">GEN</subfield>
   <subfield code="d">2019-10-13</subfield>
   <subfield code="e">Complimentary copy from BIED</subfield>
   <subfield code="l">7</subfield>
   <subfield code="m">28</subfield>
   <subfield code="o">576.5 RIN</subfield>
   <subfield code="p">3010036129</subfield>
   <subfield code="r">2025-10-08</subfield>
   <subfield code="s">2025-06-17</subfield>
   <subfield code="t">1</subfield>
   <subfield code="w">2019-10-13</subfield>
   <subfield code="y">BK</subfield>
   <subfield code="x">Transferred from BIED to General Stacks</subfield>
  </datafield>
 </record>
</collection>
